[Event "2BLN 2324 Hamburger SK II - HSK Lister "]
[Site "?"]
[Date "2023.12.03"]
[Round "4.6"]
[White "Garner, Isaac"]
[Black "Hoerstmann, Martin"]
[Result "1/2-1/2"]
[WhiteElo "2297"]
[BlackElo "2204"]
[PlyCount "47"]
[EventDate "2023.??.??"]

1. Nf3 g6 2. d4 Bg7 3. e4 d6 4. Nc3 Nf6 5. Be3 a6 6. Bd3 O-O 7. Qd2 b5 8. Bh6 Nc6 9. Bxg7 Kxg7 10. e5 dxe5 11. dxe5 Ng4 12. Qf4 Ncxe5 13. Nxe5 Qd6 14. Nxg6 hxg6 15. Qd2 Bb7 16. f3 Ne5 17. O-O-O Nxd3+ 18. Qxd3 Qxd3 19. Rxd3 Rfd8 20. Rhd1 Rd6 21. Re3 Kf6 22. Ne4+ Bxe4 23. Rxe4 Rad8 24. Rde1 1/2-1/2

[Event "2BLN 2324 Hamburger SK II - HSK Lister "]
[Site "?"]
[Date "2023.12.03"]
[Round "4.7"]
[White "Bleecke, Sebastian"]
[Black "Bracker, Frank"]
[Result "1/2-1/2"]
[WhiteElo "2158"]
[BlackElo "2307"]
[PlyCount "54"]
[EventDate "2023.??.??"]

1. e4 c5 2. Nf3 e6 3. d4 cxd4 4. Nxd4 Nc6 5. Nc3 Qc7 6. Be3 a6 7. a3 b5 8. Nxc6 Qxc6 9. Bd3 Bb7 10. Qd2 b4 11. axb4 Bxb4 12. O-O Nf6 13. f3 O-O 14. Qf2 d6 15. Na4 Nd7 16. c3 Ba5 17. Rfd1 Bd8 18. Bf1 Be7 19. Nb6 Nxb6 20. Bxb6 Rfb8 21. Ba7 Rc8 22. Bd4 a5 23. b4 axb4 24. cxb4 Rxa1 25. Rxa1 d5 26. b5 Qd7 27. e5 h5 1/2-1/2

[Event "2BLN 2324 Hamburger SK II - HSK Lister "]
[Site "?"]
[Date "2023.12.03"]
[Round "4.8"]
[White "Lubbe, Melanie"]
[Black "Hoerstmann, Rudi"]
[Result "0-1"]
[WhiteElo "2257"]
[BlackElo "2207"]
[PlyCount "102"]
[EventDate "2023.??.??"]

1. d4 c5 2. d5 d6 3. e4 Nf6 4. Nc3 g6 5. f4 Bg7 6. Nf3 O-O 7. Bd3 Na6 8. O-O Nc7 9. Qe2 Rb8 10. a4 b6 11. Nd1 e6 12. dxe6 Bxe6 13. c4 Re8 14. Nc3 Bd7 15. Qc2 Na6 16. e5 Nb4 17. Qd1 dxe5 18. fxe5 Ng4 19. Bg5 Qc7 20. Nd5 Nxd5 21. cxd5 Nxe5 22. Bf4 Bg4 23. Bb5 Bxf3 24. gxf3 Red8 25. Re1 c4 26. Bc6 Qd6 27. Qe2 Qc5+ 28. Be3 Qb4 29. Bf4 Qc5+ 30. Kg2 Nxc6 31. dxc6 Qxc6 32. Bxb8 Rxb8 33. Ra3 a6 34. Re3 Kf8 35. Re4 Rc8 36. Rf4 Bf6 37. Re4 Qxa4 38. Qd2 Qc6 39. R1e2 b5 40. Qb4+ Kg7 41. Rd2 Qc5 42. Qxc5 Rxc5 43. Kf2 a5 44. Ke2 a4 45. Rc2 Rd5 46. Re8 Rd3 47. Re3 Rb3 48. Rxb3 cxb3 49. Rd2 b4 50. Kd3 a3 51. Kc4 a2 0-1

[Event "2BLN 2324 FC St. Pauli - SG AE Magdebur"]
[Site "?"]
[Date "2023.12.03"]
[Round "4.1"]
[White "Biastoch, Bennet"]
[Black "Socko, Bartosz"]
[Result "0-1"]
[WhiteElo "2226"]
[BlackElo "2550"]
[PlyCount "66"]
[EventDate "2023.??.??"]

1. e4 c6 2. Nc3 d5 3. Nf3 Bg4 4. h3 Bxf3 5. Qxf3 Nf6 6. Be2 d4 7. Nb1 e5 8. d3 Nbd7 9. O-O Bd6 10. g3 h5 11. h4 Nf8 12. Bg5 Be7 13. Qf5 N6d7 14. Bd2 g6 15. Qh3 Ne6 16. f4 exf4 17. gxf4 Bxh4 18. f5 gxf5 19. Rxf5 Qe7 20. Na3 O-O-O 21. Raf1 Rdg8+ 22. Kh1 Rg3 23. Qh2 Rg7 24. Nc4 Bg3 25. Qh3 f6 26. e5 Bxe5 27. Nxe5 fxe5 28. Bf3 Rhg8 29. Rxh5 Rg3 30. Qh2 Qf8 31. Be2 Qc5 32. Bf3 Qxc2 33. Be1 Qxd3 0-1

[Event "2BLN 2324 FC St. Pauli - SG AE Magdebur"]
[Site "?"]
[Date "2023.12.03"]
[Round "4.2"]
[White "Feuerstack, Aljoscha"]
[Black "Malek, Daniel"]
[Result "1-0"]
[WhiteElo "2464"]
[BlackElo "2314"]
[PlyCount "95"]
[EventDate "2023.??.??"]

1. d4 d5 2. c4 dxc4 3. Nf3 a6 4. e3 Nf6 5. Bxc4 e6 6. O-O c5 7. Be2 Nbd7 8. b3 b6 9. Ne5 Bb7 10. Bf3 Qc7 11. Bb2 Rd8 12. Nxd7 Rxd7 13. Nd2 Bd6 14. Rc1 Qb8 15. Qe2 O-O 16. Bxb7 Qxb7 17. Nc4 Be7 18. dxc5 bxc5 19. Ne5 Rdd8 20. Rc4 Ne4 21. Nd3 Rd7 22. Qg4 g6 23. Qxe4 Qxe4 24. Rxe4 Rxd3 25. Ra4 Rd2 26. Bc1 Rc2 27. Rxa6 c4 28. bxc4 Rc8 29. Ra4 R8xc4 30. Rxc4 Rxc4 31. Bb2 Rc2 32. Rb1 f5 33. a4 f4 34. Bd4 e5 35. Bxe5 fxe3 36. fxe3 Bc5 37. Bd4 Bxd4 38. exd4 Rc4 39. Ra1 Rxd4 40. a5 Rd7 41. a6 Ra7 42. Kf2 Kf7 43. Ke3 Ke6 44. Kd4 Kd6 45. g4 Kc7 46. Ke5 Kb8 47. Rb1+ Kc8 48. Rb6 1-0

[Event "2BLN 2324 FC St. Pauli - SG AE Magdebur"]
[Site "?"]
[Date "2023.12.03"]
[Round "4.3"]
[White "Andre, Gordon"]
[Black "Krause, Benedict"]
[Result "1/2-1/2"]
[WhiteElo "2324"]
[BlackElo "2399"]
[PlyCount "42"]
[EventDate "2023.??.??"]

1. d4 Nf6 2. c4 g6 3. Nc3 d5 4. cxd5 Nxd5 5. e4 Nxc3 6. bxc3 Bg7 7. Nf3 c5 8. h3 O-O 9. Be2 b5 10. O-O b4 11. cxb4 cxd4 12. Rb1 Bb7 13. Bd3 Nd7 14. a4 Rc8 15. Bd2 Nb6 16. Qb3 Qd7 17. b5 Qe6 18. Qb4 Qd6 19. Qb3 Qe6 20. Qb4 Qd6 21. Qb3 Qe6 1/2-1/2

[Event "2BLN 2324 FC St. Pauli - SG AE Magdebur"]
[Site "?"]
[Date "2023.12.03"]
[Round "4.4"]
[White "Socko, Monika"]
[Black "Paul, Johannes"]
[Result "1-0"]
[WhiteElo "2396"]
[BlackElo "2345"]
[PlyCount "81"]
[EventDate "2023.??.??"]

1. d4 Nf6 2. Nf3 g6 3. c4 Bg7 4. Nc3 O-O 5. e4 d6 6. Be2 e5 7. Be3 Ng4 8. Bg5 f6 9. Bh4 g5 10. Bg3 Nh6 11. c5 g4 12. Nh4 Nc6 13. dxe5 dxe5 14. Qxd8 Rxd8 15. Nd5 Nd4 16. Rc1 Rd7 17. Bc4 Kf8 18. O-O c6 19. Ne3 b5 20. cxb6 axb6 21. f4 gxf3 22. Nxf3 Ke7 23. Bh4 b5 24. Nxe5 bxc4 25. Nxd7 Ne2+ 26. Kh1 Nxc1 27. Nb6 Rxa2 28. Nxc8+ Kd8 29. Nd6 Nd3 30. Ndxc4 Ke7 31. e5 Ke6 32. Bxf6 Bf8 33. Bg5 Nf7 34. Rf6+ Ke7 35. Bh4 Bg7 36. Rd6+ Ke8 37. Rxd3 Nxe5 38. Nxe5 Bxe5 39. b3 Ra1+ 40. Rd1 Ra3 41. Nc4 1-0

[Event "2BLN 2324 FC St. Pauli - SG AE Magdebur"]
[Site "?"]
[Date "2023.12.03"]
[Round "4.5"]
[White "Melamed, Tatjana"]
[Black "Krause, Jonah"]
[Result "1/2-1/2"]
[WhiteElo "2341"]
[BlackElo "2364"]
[PlyCount "28"]
[EventDate "2023.??.??"]

1. e4 c5 2. Nf3 e6 3. c3 d5 4. exd5 Qxd5 5. d4 Nf6 6. Na3 a6 7. Nc4 Nbd7 8. Be2 b5 9. Nfd2 Ra7 10. Bf3 Qf5 11. Ne3 Qf4 12. a4 cxd4 13. cxd4 Qb8 14. O-O Bd6 1/2-1/2

[Event "2BLN 2324 FC St. Pauli - SG AE Magdebur"]
[Site "?"]
[Date "2023.12.03"]
[Round "4.6"]
[White "Ertan, Can"]
[Black "Armbrust, Florian"]
[Result "0-1"]
[WhiteElo "2364"]
[BlackElo "2258"]
[PlyCount "77"]
[EventDate "2023.??.??"]

1. e4 d5 2. exd5 Qxd5 3. Nc3 Qd6 4. d4 Nf6 5. g3 g6 6. Bf4 Qb6 7. Qd2 c6 8. O-O-O Be6 9. Nf3 Nbd7 10. Ng5 Bd5 11. Nxd5 cxd5 12. Bd3 h6 13. Nf3 g5 14. Be3 Ng4 15. h4 Nxe3 16. Qxe3 g4 17. Ne5 h5 18. Nxd7 Kxd7 19. Qe5 Qd6 20. Qf5+ Qe6 21. Bb5+ Kc7 22. Qd3 Rc8 23. f4 Kb8 24. Rhe1 Qb6 25. f5 Rh6 26. Bd7 Rc4 27. Be8 Rf6 28. Re5 Rc8 29. Ba4 Rd6 30. Bb3 Qc6 31. Kb1 Qd7 32. f6 Rxf6 33. Rxd5 Qc7 34. Rc5 Qd6 35. Rxc8+ Kxc8 36. Bxf7 Rf3 37. Qc4+ Qc6 38. Qe2 Rxg3 39. Qe5 0-1

[Event "2BLN 2324 FC St. Pauli - SG AE Magdebur"]
[Site "?"]
[Date "2023.12.03"]
[Round "4.7"]
[White "Woellermann, Jan"]
[Black "Sawatzki, Frank"]
[Result "0-1"]
[WhiteElo "2358"]
[BlackElo "2347"]
[PlyCount "55"]
[EventDate "2023.??.??"]

1. d4 d5 2. c4 c6 3. Nf3 Nf6 4. Nc3 dxc4 5. a4 Bf5 6. Ne5 Nbd7 7. Nxc4 Nb6 8. Ne5 a5 9. f3 Nfd7 10. Nxd7 Bxd7 11. e4 e6 12. Be2 Bb4 13. O-O O-O 14. Be3 Rc8 15. Na2 Bd6 16. Rc1 f5 17. g3 Kh8 18. Qb3 Bc7 19. Kg2 Be8 20. Nc3 Bf7 21. Rcd1 Qe7 22. Qc2 Bg6 23. Bd3 f4 24. Bf2 Qb4 25. b3 Qe7 26. g4 e5 27. Ne2 Nd7 28. h3 0-1

[Event "2BLN 2324 FC St. Pauli - SG AE Magdebur"]
[Site "?"]
[Date "2023.12.03"]
[Round "4.8"]
[White "Mueller, Fabian"]
[Black "Schoene, Maria"]
[Result "1/2-1/2"]
[WhiteElo "2302"]
[BlackElo "2166"]
[PlyCount "74"]
[EventDate "2023.??.??"]

1. e4 c5 2. Nf3 d6 3. d4 cxd4 4. Nxd4 Nf6 5. Nc3 g6 6. Be3 Bg7 7. f3 Nc6 8. Qd2 O-O 9. O-O-O Nxd4 10. Bxd4 Be6 11. Kb1 Qc7 12. g4 Rfc8 13. h4 Qa5 14. a3 Rab8 15. h5 b5 16. hxg6 hxg6 17. g5 Nh5 18. Bxg7 Kxg7 19. Qd4+ Kg8 20. Nd5 Bxd5 21. exd5 b4 22. a4 Qc5 23. Qxc5 Rxc5 24. Bb5 Rb6 25. Rh4 a6 26. Bd7 Rb7 27. Bc6 Rb8 28. Rd2 e5 29. Ka2 Kg7 30. Kb3 a5 31. Rdh2 f6 32. gxf6+ Kxf6 33. Rc4 Rxc4 34. Kxc4 Kg7 35. Rh4 Nf4 36. Rh2 Rb6 37. Bd7 Rb7 1/2-1/2

[Event "2BLN 2324 SK Doppelbauer Turm Kiel II - "]
[Site "?"]
[Date "2024.02.03"]
[Round "5.1"]
[White "Degtiarev, Evgeny"]
[Black "Olsen, Filip Boe"]
[Result "1/2-1/2"]
[WhiteElo "2381"]
[BlackElo "2454"]
[PlyCount "69"]
[EventDate "2024.??.??"]

1. d4 d5 2. c4 e6 3. Nf3 Nf6 4. Nc3 c5 5. cxd5 exd5 6. g3 Nc6 7. Bg2 cxd4 8. Nxd4 Bc5 9. Nxc6 bxc6 10. O-O O-O 11. Na4 Bb6 12. b3 Re8 13. Nxb6 axb6 14. Bb2 Bg4 15. f3 Bf5 16. g4 Bc8 17. Rf2 h6 18. e4 dxe4 19. Qxd8 Rxd8 20. Bxf6 gxf6 21. fxe4 Bxg4 22. Rxf6 Be6 23. e5 Rd2 24. a4 Ra5 25. b4 Rxe5 26. Rf2 Rxf2 27. Kxf2 Bd5 28. Bxd5 Rxd5 29. a5 bxa5 30. bxa5 Kf8 31. a6 Rd8 32. Rc1 Rc8 33. a7 Ra8 34. Rxc6 Rxa7 35. Rxh6 1/2-1/2

[Event "2BLN 2324 SK Doppelbauer Turm Kiel II - "]
[Site "?"]
[Date "2024.02.03"]
[Round "5.2"]
[White "Parvanyan, Ashot"]
[Black "Malek, Daniel"]
[Result "1-0"]
[WhiteElo "2412"]
[BlackElo "2291"]
[PlyCount "119"]
[EventDate "2024.??.??"]

1. Nf3 Nf6 2. c4 e6 3. g3 d5 4. d4 dxc4 5. Bg2 c6 6. O-O b5 7. a4 Bb7 8. Ne5 a6 9. b3 cxb3 10. Qxb3 Be7 11. axb5 axb5 12. Rxa8 Bxa8 13. Qa2 Bb7 14. Qa7 Qc8 15. Nd2 Nfd7 16. Nxd7 Nxd7 17. Nb3 Bd8 18. Bf4 O-O 19. Bd6 Bb6 20. Qa3 Rd8 21. Rc1 h6 22. e3 Nb8 23. e4 Bc7 24. e5 Bxd6 25. exd6 Na6 26. Na5 b4 27. Qa4 Rxd6 28. Bf1 Ba8 29. Nc4 Rxd4 30. Nb6 Qb8 31. Qxa6 Bb7 32. Qa5 Qc7 33. Qc5 Qd8 34. Nc4 Qd5 35. Na5 Qxc5 36. Rxc5 Rd1 37. Kg2 Ba8 38. Be2 Rd5 39. Nb3 Rxc5 40. Nxc5 Kf8 41. Kf3 Ke7 42. Ke3 Kd6 43. Kd4 e5+ 44. Kc4 b3 45. Nxb3 Bb7 46. Nc5 Bc8 47. Ne4+ Ke7 48. Kc5 Bd7 49. Nd6 f5 50. Bd1 e4 51. Ba4 g5 52. Bxc6 Bxc6 53. Kxc6 Ke6 54. Kc5 h5 55. Nc4 f4 56. gxf4 gxf4 57. Kd4 Kf5 58. Nd6+ Kg4 59. Kxe4 h4 60. Nf5 1-0

[Event "2BLN 2324 SK Doppelbauer Turm Kiel II - "]
[Site "?"]
[Date "2024.02.03"]
[Round "5.3"]
[White "Andre, Gordon"]
[Black "Arndt, Magnus"]
[Result "1/2-1/2"]
[WhiteElo "2317"]
[BlackElo "2381"]
[PlyCount "77"]
[EventDate "2024.??.??"]

1. d4 Nf6 2. c4 e6 3. Nf3 Bb4+ 4. Bd2 c5 5. Bxb4 cxb4 6. g3 b6 7. Bg2 Bb7 8. O-O O-O 9. a3 bxa3 10. Rxa3 a5 11. Nc3 Na6 12. Nb5 d5 13. Ne5 Rc8 14. Qd2 Nb4 15. Rc3 Ba6 16. Na3 dxc4 17. Nexc4 Nfd5 18. Bxd5 Nxd5 19. Rcc1 Nb4 20. Ne3 Rc6 21. Nac4 Qg5 22. Ne5 Rd6 23. Rfd1 Rfd8 24. Nf3 Qe7 25. Nc4 Bxc4 26. Rxc4 b5 27. Rc5 Rd5 28. Rcc1 h6 29. e4 R5d6 30. Rc5 Qb7 31. Qf4 Na6 32. Rh5 f6 33. Rc1 Rc6 34. Rxc6 Qxc6 35. Qd2 Nb4 36. Kg2 Qxe4 37. Rxb5 Rd5 38. Rb8+ Kh7 39. Qe3 1/2-1/2

[Event "2BLN 2324 SK Doppelbauer Turm Kiel II - "]
[Site "?"]
[Date "2024.02.03"]
[Round "5.4"]
[White "Kopylov, Daniel"]
[Black "Armbrust, Florian"]
[Result "1/2-1/2"]
[WhiteElo "2340"]
[BlackElo "2271"]
[PlyCount "83"]
[EventDate "2024.??.??"]

1. d4 Nf6 2. Nf3 g6 3. Nbd2 Bg7 4. e4 O-O 5. e5 Ne8 6. Bc4 d5 7. Bd3 c5 8. O-O cxd4 9. Re1 Nc6 10. Nb3 Bg4 11. Bf4 Qc7 12. h3 Bxf3 13. Qxf3 e6 14. Qe2 Qe7 15. Bg3 Nc7 16. a3 Rae8 17. Qg4 Na8 18. Nxd4 Nxd4 19. Qxd4 Nb6 20. a4 f6 21. a5 fxe5 22. Bxe5 Bxe5 23. Rxe5 Nd7 24. Re3 Qf6 25. Qxf6 Nxf6 26. a6 b6 27. Rae1 Kf7 28. f4 Re7 29. b4 d4 30. Rf3 Nd5 31. b5 Nb4 32. Re4 Nxd3 33. Rxd3 Rc8 34. Rdxd4 Rxc2 35. Re5 Rec7 36. Rd6 Rb2 37. h4 Rcc2 38. Rd7+ Ke8 39. Rxa7 Rxg2+ 40. Kh1 Rh2+ 41. Kg1 Rhg2+ 42. Kh1 1/2-1/2

[Event "2BLN 2324 SK Doppelbauer Turm Kiel II - "]
[Site "?"]
[Date "2024.02.03"]
[Round "5.5"]
[White "Woellermann, Jan"]
[Black "Skytte, Rasmus"]
[Result "1/2-1/2"]
[WhiteElo "2352"]
[BlackElo "2350"]
[PlyCount "68"]
[EventDate "2024.??.??"]

1. d4 Nf6 2. Nf3 c5 3. d5 d6 4. c4 g6 5. Nc3 Bg7 6. h3 O-O 7. e4 e6 8. Bd3 Na6 9. O-O Nc7 10. Rb1 Rb8 11. Bf4 exd5 12. exd5 b5 13. Nd2 Ba6 14. Qf3 bxc4 15. Bxc4 Bc8 16. Bg5 h6 17. Bh4 g5 18. Bg3 Nfe8 19. Qd3 f5 20. f3 Kh8 21. a3 Qf6 22. Bf2 h5 23. Rfe1 a5 24. b4 axb4 25. axb4 Rxb4 26. Rxb4 cxb4 27. Na2 g4 28. f4 Qh6 29. Be3 gxh3 30. gxh3 Bf6 31. Nxb4 Rg8+ 32. Kh2 Bh4 33. Rg1 Rxg1 34. Kxg1 Qg6+ 1/2-1/2

[Event "2BLN 2324 SK Doppelbauer Turm Kiel II - "]
[Site "?"]
[Date "2024.02.03"]
[Round "5.6"]
[White "Farokhi, Keyvan"]
[Black "Schoene, Maria"]
[Result "1-0"]
[WhiteElo "2305"]
[BlackElo "2182"]
[PlyCount "147"]
[EventDate "2024.??.??"]

1. e4 d6 2. d4 Nf6 3. Nc3 g6 4. Bf4 Bg7 5. Qd2 Nc6 6. O-O-O Nh5 7. Be3 e5 8. d5 Nd4 9. Nge2 Nxe2+ 10. Bxe2 Nf6 11. f3 O-O 12. g4 Qe7 13. h4 Rd8 14. h5 c5 15. Rh2 Nd7 16. Rdh1 Nf8 17. Nd1 Bd7 18. Nf2 a5 19. hxg6 fxg6 20. Nh3 a4 21. Bg5 Bf6 22. Bh6 Bg7 23. Ng5 b6 24. Bxg7 Qxg7 25. Nxh7 Nxh7 26. Rxh7 Qxh7 27. Rxh7 Kxh7 28. Qg5 Be8 29. f4 exf4 30. e5 dxe5 31. Qe7+ Kg8 32. d6 Bf7 33. d7 c4 34. Bf3 Rab8 35. Bb7 a3 36. bxa3 c3 37. Bc8 Rbxc8 38. dxc8=Q Rxc8 39. Qxe5 f3 40. Qf6 Ra8 41. Qxc3 f2 42. Qf3 Rxa3 43. Qxf2 Rxa2 44. Qxb6 Ra4 45. g5 Rg4 46. Qb8+ Kg7 47. Qe5+ Kg8 48. Kd2 Rh4 49. Kd3 Bc4+ 50. Kc3 Bf7 51. Qg3 Ra4 52. Kd3 Bc4+ 53. Kd4 Bf7+ 54. Ke5 Ra5+ 55. Kd6 Ra4 56. Qe5 Ra6+ 57. Kd7 Ra7+ 58. Kc6 Ra4 59. Kb5 Rc4 60. c3 Rc8 61. Qd4 Rb8+ 62. Kc6 Rc8+ 63. Kd7 Rc4 64. Qe3 Ra4 65. Ke7 Ra8 66. Qb6 Re8+ 67. Kf6 Re1 68. Qd8+ Re8 69. Qd7 Rf8 70. Qd6 Re8 71. c4 Bxc4 72. Qd7 Re6+ 73. Qxe6+ Bxe6 74. Kxe6 1-0

[Event "2BLN 2324 SK Doppelbauer Turm Kiel II - "]
[Site "?"]
[Date "2024.02.03"]
[Round "5.7"]
[White "Lippert, Daniel"]
[Black "Ermitsch, Magnus"]
[Result "0-1"]
[WhiteElo "2083"]
[BlackElo "2368"]
[PlyCount "102"]
[EventDate "2024.??.??"]

1. e4 c5 2. Nf3 e6 3. d4 cxd4 4. Nxd4 Nc6 5. Nc3 Qc7 6. Be3 a6 7. g4 b5 8. Nxc6 Qxc6 9. Qd2 b4 10. Ne2 Qxe4 11. Rg1 Qc4 12. Nf4 Qc7 13. O-O-O Bb7 14. Bb6 Qc6 15. Bg2 Qc8 16. Bd4 Bxg2 17. Nh5 Bf3 18. Nxg7+ Bxg7 19. Bxg7 Bxd1 20. Rxd1 Ne7 21. Bxh8 Nd5 22. Qh6 Qc4 23. Bd4 O-O-O 24. Qxh7 Qxa2 25. Qxf7 Kb8 26. Qf3 Rc8 27. Kd2 d6 28. Qb3 Qa5 29. c4 Ne7 30. f4 Nc6 31. Kc2 Qc7 32. Qe3 Qh7+ 33. Kc1 Na5 34. b3 Qxh2 35. Rd2 Qh1+ 36. Kc2 Nb7 37. Qxe6 a5 38. Kb2 a4 39. Ba7+ Kxa7 40. Qxc8 Qh3 41. Kc1 Qc3+ 42. Kd1 Qxb3+ 43. Ke2 a3 44. g5 a2 45. Qh8 Qb1 46. Rd1 b3 47. Qd4+ Ka6 48. c5 Qc2+ 49. Rd2 Qxc5 50. Qa4+ Qa5 51. Qc6+ Ka7 0-1

[Event "2BLN 2324 SK Doppelbauer Turm Kiel II - "]
[Site "?"]
[Date "2024.02.03"]
[Round "5.8"]
[White "Boe, Mads"]
[Black "Udelnov, Valentin"]
[Result "1-0"]
[WhiteElo "2292"]
[BlackElo "2074"]
[PlyCount "123"]
[EventDate "2024.??.??"]

1. d4 Nf6 2. Nf3 g6 3. Bg5 Bg7 4. e3 O-O 5. Bd3 c5 6. c3 Qb6 7. Qb3 d6 8. Nbd2 Be6 9. Bc4 Bxc4 10. Nxc4 Qc6 11. a4 Nbd7 12. O-O Rfc8 13. Ncd2 h6 14. Bh4 g5 15. Bg3 Nh5 16. Rfd1 Nxg3 17. hxg3 e6 18. Re1 Rab8 19. Qc2 Nf6 20. Qd3 b5 21. axb5 Qxb5 22. c4 Qb6 23. Ra2 d5 24. b3 a5 25. Rea1 Ra8 26. cxd5 Nxd5 27. Nc4 Qb8 28. Rxa5 Rxa5 29. Rxa5 Nb4 30. Qd1 cxd4 31. Nxd4 Rd8 32. Qf3 Bxd4 33. exd4 Nc2 34. Qf6 Nxd4 35. Qxh6 Nf5 36. Qxg5+ Kf8 37. Ne3 Ng7 38. Rb5 Qc7 39. Qc5+ Qxc5 40. Rxc5 Rb8 41. Rc3 Ne8 42. f3 Nd6 43. g4 Ke7 44. Kf2 Kf6 45. Rd3 Ke7 46. Nc2 Rc8 47. Ne3 Rb8 48. Ke2 f5 49. gxf5 exf5 50. Nd5+ Ke6 51. Nf4+ Kd7 52. Ke3 Kc6 53. g3 Re8+ 54. Kf2 Rb8 55. Rc3+ Kd7 56. Ne2 Ke6 57. Ke3 Kd7 58. Nd4 Rb7 59. Kf4 Rb4 60. Rd3 Ke7 61. Kg5 Kd7 62. Nxf5 1-0

[Event "2BLN 2324 Lübecker SV - HSK Lister Turm"]
[Site "?"]
[Date "2024.02.03"]
[Round "5.1"]
[White "von Mettenheim, Johannes"]
[Black "Kalinitschew, Sergey"]
[Result "1/2-1/2"]
[WhiteElo "2262"]
[BlackElo "2391"]
[PlyCount "95"]
[EventDate "2024.??.??"]

1. d4 Nf6 2. c4 e6 3. Nf3 b6 4. g3 Ba6 5. Qc2 Bb4+ 6. Bd2 Bxd2+ 7. Nbxd2 O-O 8. Bg2 d5 9. O-O Nbd7 10. Rfd1 c5 11. Qa4 Bb7 12. Rac1 Qe7 13. Qa3 Rfd8 14. cxd5 Bxd5 15. Nb3 a5 16. dxc5 a4 17. Nbd4 Nxc5 18. Ne5 Bxg2 19. Kxg2 Qc7 20. Ndf3 Qb7 21. Rxd8+ Rxd8 22. Qb4 Nfe4 23. Nc4 Rb8 24. Rd1 h6 25. Qb5 g5 26. Kg1 Qc7 27. Rd4 Nf6 28. Rd6 Nce4 29. Qc6 Qxc6 30. Rxc6 b5 31. Nd6 Nxd6 32. Rxd6 Rc8 33. Rb6 Rc2 34. Rxb5 Rxe2 35. Nd4 Rd2 36. Nf3 Rc2 37. Rb4 a3 38. bxa3 Rxa2 39. Ne5 Re2 40. f4 gxf4 41. gxf4 Nd5 42. Rb8+ Kg7 43. Rb7 Nxf4 44. Rxf7+ Kg8 45. Rxf4 Rxe5 46. a4 Re3 47. Kf2 Ra3 48. Rf6 1/2-1/2

[Event "2BLN 2324 Lübecker SV - HSK Lister Turm"]
[Site "?"]
[Date "2024.02.03"]
[Round "5.2"]
[White "Waldhausen Gordon, Frederick"]
[Black "Polster, Christian"]
[Result "1/2-1/2"]
[WhiteElo "2365"]
[BlackElo "2265"]
[PlyCount "41"]
[EventDate "2024.??.??"]

1. e4 g6 2. d4 Bg7 3. Nc3 d5 4. exd5 Nf6 5. Nf3 O-O 6. Bc4 Nbd7 7. O-O Nb6 8. Bb3 a5 9. a3 a4 10. Ba2 Nbxd5 11. Nxd5 Nxd5 12. Ne5 Be6 13. Re1 c6 14. Qe2 Nc7 15. Bxe6 Nxe6 16. c3 Qd5 17. Nd3 Qb5 18. Nf4 Qxe2 19. Rxe2 Nxf4 20. Bxf4 e6 21. Rd1 1/2-1/2

[Event "2BLN 2324 Lübecker SV - HSK Lister Turm"]
[Site "?"]
[Date "2024.02.03"]
[Round "5.3"]
[White "Gentemann, Moritz"]
[Black "Krause, Ullrich"]
[Result "1-0"]
[WhiteElo "2242"]
[BlackElo "2189"]
[PlyCount "77"]
[EventDate "2024.??.??"]

1. c4 e6 2. Nc3 d5 3. d4 Nf6 4. cxd5 Nxd5 5. e4 Nxc3 6. bxc3 c5 7. Rb1 Be7 8. Nf3 O-O 9. h4 cxd4 10. cxd4 b6 11. h5 h6 12. Rh3 Bb7 13. Bd3 Nc6 14. Rg3 Kh8 15. Qd2 Bg5 16. Nxg5 hxg5 17. Rxg5 f6 18. Rg6 Qd7 19. h6 Rf7 20. Bb2 Nxd4 21. Qf4 Rd8 22. hxg7+ Kg8 23. Qh4 Rxg7 24. Qxf6 Rxg6 25. Qxg6+ Qg7 26. Qxg7+ Kxg7 27. Kd2 e5 28. Ke3 Kg6 29. Rc1 Nc6 30. g3 Rh8 31. Bb5 Nd4 32. Bxd4 exd4+ 33. Kxd4 Rd8+ 34. Ke3 a6 35. Bd3 Rd7 36. f4 Kf6 37. g4 b5 38. g5+ Ke6 39. Rh1 1-0

[Event "2BLN 2324 Lübecker SV - HSK Lister Turm"]
[Site "?"]
[Date "2024.02.03"]
[Round "5.4"]
[White "Lampe, Dirk"]
[Black "Hoerstmann, Martin"]
[Result "0-1"]
[WhiteElo "2156"]
[BlackElo "2207"]
[PlyCount "88"]
[EventDate "2024.??.??"]

1. e4 c5 2. Nf3 d6 3. d4 cxd4 4. Nxd4 Nf6 5. Nc3 a6 6. Be2 e6 7. O-O Qc7 8. f4 Be7 9. Kh1 O-O 10. a4 b6 11. Bf3 Bb7 12. e5 dxe5 13. fxe5 Nfd7 14. Bf4 Nc6 15. Bxc6 Bxc6 16. Qg4 Kh8 17. Rad1 Bb7 18. Rd3 Rfd8 19. Rg3 g6 20. Nf3 Qc4 21. Re1 h5 22. Rh3 b5 23. Ng5 Kg7 24. Rxh5 Rh8 25. Rxh8 Rxh8 26. axb5 axb5 27. Nf3 Nb6 28. Nd2 Qb4 29. Nce4 Qxb2 30. Bg5 Qxe5 31. Nf3 Qf5 32. Qxf5 gxf5 33. Bxe7 Bxe4 34. Nd4 Nd5 35. Bd6 b4 36. Ra1 Kf6 37. Kg1 Rc8 38. Ra4 Rc4 39. Nf3 Bxc2 40. Ra7 Re4 41. h4 Bd1 42. Ng5 Rxh4 43. Nxf7 Re4 44. Nh8 Bh5 0-1

[Event "2BLN 2324 Lübecker SV - HSK Lister Turm"]
[Site "?"]
[Date "2024.02.03"]
[Round "5.5"]
[White "Antonov, Alexander"]
[Black "Malinowsky, Levi"]
[Result "1-0"]
[WhiteElo "2215"]
[BlackElo "1951"]
[PlyCount "99"]
[EventDate "2024.??.??"]

1. e4 c5 2. Nf3 d6 3. c3 Nf6 4. h3 Nc6 5. Bd3 e5 6. Bc2 g6 7. d4 cxd4 8. cxd4 exd4 9. Nxd4 Bg7 10. O-O O-O 11. Nb5 d5 12. Bf4 Nxe4 13. Bxe4 dxe4 14. N1c3 Qxd1 15. Raxd1 Bf5 16. Rfe1 Rfd8 17. Nd6 b6 18. Bg5 Rd7 19. Nxf5 Rxd1 20. Rxd1 gxf5 21. Rd5 Be5 22. Rd7 Re8 23. Nd5 Re6 24. Kf1 Kg7 25. b4 Rd6 26. Rxd6 Bxd6 27. b5 Nb8 28. Ke2 Nd7 29. Be7 Bc5 30. g3 f6 31. Bxc5 Nxc5 32. Ne7 Kf7 33. Nc8 a6 34. bxa6 Nxa6 35. Nxb6 Ke6 36. Ke3 Ke5 37. a4 Nc5 38. h4 h5 39. a5 Na6 40. Nc8 Nb4 41. Ne7 Nc2+ 42. Kd2 Nb4 43. Ng6+ Kd4 44. Nf4 Kc5 45. Nxh5 Kb5 46. Nxf6 Kxa5 47. h5 Nc6 48. Ke3 Kb4 49. h6 Ne7 50. Kf4 1-0

[Event "2BLN 2324 Lübecker SV - HSK Lister Turm"]
[Site "?"]
[Date "2024.02.03"]
[Round "5.6"]
[White "Sommer, Justus"]
[Black "Bleecke, Sebastian"]
[Result "1/2-1/2"]
[WhiteElo "2155"]
[BlackElo "2162"]
[PlyCount "116"]
[EventDate "2024.??.??"]

1. e4 e5 2. Nf3 Nc6 3. Bb5 a6 4. Ba4 Nf6 5. O-O d6 6. Re1 Bd7 7. c3 g6 8. d4 Bg7 9. Nbd2 O-O 10. dxe5 Nxe5 11. Nxe5 dxe5 12. Nf1 Be6 13. Qe2 h6 14. f3 Qe7 15. Be3 Rfd8 16. Bb3 Bxb3 17. axb3 a5 18. Bf2 b6 19. Ne3 Qe6 20. Qc2 Bf8 21. Bh4 Bc5 22. Kh1 Bxe3 23. Rxe3 g5 24. Bf2 Qd6 25. Re2 Nh5 26. Be3 Ng7 27. Rd2 Qc6 28. Rad1 Rxd2 29. Rxd2 Kf8 30. Rd5 f6 31. h3 Ke7 32. c4 Ne6 33. Qc3 Qb7 34. c5 c6 35. Rd6 b5 36. b4 a4 37. Qd3 Qc7 38. Kg1 Rd8 39. Rxd8 Qxd8 40. Qxd8+ Kxd8 41. Kf2 Ke7 42. Ke2 Kf7 43. g4 Kg6 44. Kf2 h5 45. Ke2 h4 46. Kd3 Kf7 47. Kc3 Ke7 48. Kd3 Nc7 49. Bd2 Kd7 50. Be3 Ne6 51. Kc3 Nf8 52. Kd3 Ke6 53. Bd2 Nd7 54. Be3 Nb8 55. Kc3 Na6 56. Bd2 Kf7 57. Kd3 Ke7 58. Kc2 Nc7 1/2-1/2

[Event "2BLN 2324 Lübecker SV - HSK Lister Turm"]
[Site "?"]
[Date "2024.02.03"]
[Round "5.7"]
[White "Hoerstmann, Rudi"]
[Black "Christ, Ralf"]
[Result "1-0"]
[WhiteElo "2231"]
[BlackElo "2235"]
[PlyCount "63"]
[EventDate "2024.??.??"]

1. Nf3 Nf6 2. c4 g6 3. Nc3 d5 4. cxd5 Nxd5 5. Qa4+ Bd7 6. Qb3 Nb6 7. d4 Be6 8. Qc2 Nc6 9. e4 Nb4 10. Qd1 c5 11. d5 Bg4 12. a3 Na6 13. Bxa6 bxa6 14. Qd3 c4 15. Qd4 f6 16. Bf4 Bg7 17. Qe3 Bxf3 18. Qxf3 O-O 19. O-O Qd7 20. Rad1 Rac8 21. Qe3 Rfd8 22. e5 fxe5 23. Bxe5 Bxe5 24. Qxe5 Qd6 25. Qe4 Rc5 26. Qd4 Qc7 27. Rfe1 Nxd5 28. Re5 e6 29. Rxe6 Rd7 30. Re8+ Kf7 31. Qh8 Ne7 32. Rf8+ 1-0

[Event "2BLN 2324 Lübecker SV - HSK Lister Turm"]
[Site "?"]
[Date "2024.02.03"]
[Round "5.8"]
[White "Engel, Bruno"]
[Black "Schoeneshoefer, Adrian"]
[Result "1-0"]
[WhiteElo "1992"]
[BlackElo "2009"]
[PlyCount "65"]
[EventDate "2024.??.??"]

1. e4 c5 2. Nf3 Nc6 3. Bb5 g6 4. O-O Bg7 5. Bxc6 dxc6 6. d3 Nf6 7. Nc3 Nd7 8. Be3 e5 9. a4 a5 10. Nd2 b6 11. Nc4 Ba6 12. Nd6+ Ke7 13. Nc4 Nf8 14. Qg4 Ne6 15. Ne2 Bxc4 16. dxc4 Qc8 17. Qg3 Nd4 18. Bxd4 cxd4 19. f4 exf4 20. Qxf4 Rf8 21. e5 c5 22. Qh4+ Ke8 23. Nf4 h6 24. Nd5 g5 25. Qe4 Ra7 26. Qh7 Bh8 27. Qxh6 Qe6 28. Qxg5 Kd7 29. Rae1 Kc8 30. Qf5 Re8 31. Qxe6+ fxe6 32. Nf6 Rd8 33. Rf3 1-0